书目信息 |
| 题名: |
微生物遗传学
|
|
| 作者: | 盛祖嘉 编著 | |
| 分册: | ||
| 出版信息: | 北京 科学出版社 2007 |
|
| 页数: | 15,463页 | |
| 开本: | 26cm | |
| 丛书名: | 现代遗传学丛书 | |
| 单 册: | ||
| 中图分类: | Q933 | |
| 科图分类: | ||
| 主题词: | 微生物遗传学 | |
| 电子资源: | ||
| ISBN: | 978-7-03-015597-9 | |
| 000 | 00759oam2 2200253 450 | |
| 001 | 1550910387 | |
| 005 | 20150131140853.65 | |
| 010 | @a978-7-03-015597-9@dCNY75.00 | |
| 100 | @a20111117d2007 em y0chiy0110 ea | |
| 101 | 0 | @achi |
| 102 | @aCN@b110000 | |
| 105 | @ay z 001yy | |
| 200 | 1 | @a微生物遗传学@9wei sheng wu yi chuan xue@f盛祖嘉编著 |
| 205 | @a3版 | |
| 210 | @a北京@c科学出版社@d2007 | |
| 215 | @a15,463页@d26cm | |
| 225 | 2 | @a现代遗传学丛书 |
| 330 | @a本书分为上、下两篇,系统地介绍了微生物遗传学的基础知识及基本原理,并反映了近年来该领域的研究成果。 | |
| 461 | 0 | @12001 @a现代遗传学丛书 |
| 606 | 0 | @a微生物遗传学 |
| 690 | @aQ933@v5 | |
| 701 | 0 | @a盛祖嘉@9sheng zu jia@4编著 |
| 801 | 0 | @aCN@bTSSF@c20150131 |
| 905 | @aZUCC@dQ933@eJY58=3 | |
| 微生物遗传学/盛祖嘉编著.-3版.-北京:科学出版社,2007 |
| 15,463页;26cm.-(现代遗传学丛书) |
| ISBN 978-7-03-015597-9:CNY75.00 |
| 本书分为上、下两篇,系统地介绍了微生物遗传学的基础知识及基本原理,并反映了近年来该领域的研究成果。 |
| ● |
| 相关链接 |
|
|
|
|
正题名:微生物遗传学
索取号:Q933/JY58=3
 
预约/预借
| 序号 | 登录号 | 条形码 | 馆藏地/架位号 | 状态 | 备注 |
| 1 | 7863458 | 278634587 | 学院路分馆/ [索取号:Q933/JY58=3] | 在馆 |